<?xml version="1.0" encoding="UTF-8"?>
<marc:record xmlns:marc="http://www.loc.gov/MARC21/slim">
   <marc:leader>00000nam a2200000 a 4500</marc:leader>
   <marc:datafield ind1="1" ind2=" " tag="100">
      <marc:subfield code="a">Rastocny, Stefan</marc:subfield>
      <marc:subfield code="4">aut</marc:subfield>
      <marc:subfield code="e">Verfasser/-in</marc:subfield>
   </marc:datafield>
   <marc:datafield ind1=" " ind2=" " tag="653">
      <marc:subfield code="a">Krankheit</marc:subfield>
   </marc:datafield>
   <marc:datafield ind1=" " ind2=" " tag="653">
      <marc:subfield code="a">Ernährung</marc:subfield>
   </marc:datafield>
   <marc:datafield ind1=" " ind2=" " tag="653">
      <marc:subfield code="a">Lebensmittelindustrie</marc:subfield>
   </marc:datafield>
   <marc:datafield ind1=" " ind2=" " tag="653">
      <marc:subfield code="a">Vegane Kost</marc:subfield>
   </marc:datafield>
   <marc:datafield ind1=" " ind2=" " tag="653">
      <marc:subfield code="a">Bioresonanztherapie</marc:subfield>
   </marc:datafield>
   <marc:datafield ind1=" " ind2=" " tag="653">
      <marc:subfield code="a">Frequenzgenerator</marc:subfield>
   </marc:datafield>
   <marc:datafield ind1=" " ind2=" " tag="653">
      <marc:subfield code="a">Softcover / Ratgeber/Gesundheit/Alternative Heilverfahren</marc:subfield>
   </marc:datafield>
   <marc:datafield ind1="0" ind2="0" tag="245">
      <marc:subfield code="a">Gesundheit für alle</marc:subfield>
   </marc:datafield>
   <marc:datafield ind1="0" ind2="0" tag="245">
      <marc:subfield code="b">über die eigentlichen Ursachen unserer Krankheiten : wie wir natürlich gesund werden und es auch bleiben können - Anwendung biophysikalischer Methoden in der Medizin</marc:subfield>
   </marc:datafield>
   <marc:datafield ind1="0" ind2="0" tag="245">
      <marc:subfield code="c">Dr. med. Stefan Rastocny</marc:subfield>
   </marc:datafield>
   <marc:datafield ind1=" " ind2="1" tag="264">
      <marc:subfield code="a">Darmstadt</marc:subfield>
      <marc:subfield code="b">Schirner Verlag</marc:subfield>
   </marc:datafield>
   <marc:datafield ind1="1" ind2=" " tag="520">
      <marc:subfield code="a">Angaben aus der Verlagsmeldung

Heilung für alle : Über die eigentlichen Ursachen unserer Krankheiten / von Dr. med. Stefan Rastocny

Basierend auf seiner 30-jährigen ärztlichen Berufserfahrung mit Tausenden von Patienten aller Altersgruppen präsentiert Dr. med. Stefan Rastocny ein Buch, das viel mehr ist als nur ein verständlicher Gesundheitsratgeber, der Orientierung im unübersichtlichen Dschungel der Heilempfehlungen bietet: Es beschreibt Lösungen für gefährliche, chronische und sogar für vermeintlich unheilbare Erkrankungen. Zu diesem Zweck betrat der Autor Neuland im Bereich der Diagnostik und Therapie. Auf dem Gebiet der biophysikalischen Medizin entdeckte er eine neue, revolutionäre Form der Medizin: die gezielte Frequenztherapie, die mit ausgewählten Schwingungsinformationen in Form elektrischer Impulse arbeitet. Diese Weiterentwicklung des Bioresonanzverfahrens ermöglicht es, Infektionen aller Art ohne Medikamente und nebenwirkungsfrei zu behandeln – und selbst die berüchtigten multiresistenten Keime stellen keine Bedrohung mehr dar. Dr. med. Stefan Rastocnys Behandlungserfolge sprechen für sich.
</marc:subfield>
   </marc:datafield>
   <marc:datafield ind1=" " ind2=" " tag="020">
      <marc:subfield code="a">9783843412810</marc:subfield>
      <marc:subfield code="9">9783843412810</marc:subfield>
   </marc:datafield>
   <marc:datafield ind1=" " ind2=" " tag="020">
      <marc:subfield code="a">3843412812</marc:subfield>
      <marc:subfield code="9">3843412812</marc:subfield>
   </marc:datafield>
   <marc:datafield ind1=" " ind2=" " tag="041">
      <marc:subfield code="a">ger</marc:subfield>
   </marc:datafield>
   <marc:datafield ind1=" " ind2=" " tag="300">
      <marc:subfield code="a">304 Seiten</marc:subfield>
   </marc:datafield>
</marc:record>
